Analýza výsledkov investičnej výstavby v 7. 5RP a jej úlohy v 8. 5RP v podmienkach okresu Humenné záverečná práca postgraduálneho štúdia

Salvato in:
Dettagli Bibliografici
Autore principale: Ondovčík, Ľudovít
Ente Autore: Vysoká škola ekonomická v Bratislave
Altri autori: Moravčík, Alexander
Natura: Libro
Lingua:slovacco
Pubblicazione: Bratislava 1988
Tags: Aggiungi Tag
Nessun Tag, puoi essere il primo ad aggiungerne!!

MARC

LEADER 00000nam a2200000 4500
001 c026604
005 20230116094942.1
041 0 |a slo 
044 |a SK 
245 1 0 |a Analýza výsledkov investičnej výstavby v 7. 5RP a jej úlohy v 8. 5RP v podmienkach okresu Humenné  |b záverečná práca postgraduálneho štúdia  |c Ľudovít Ondovčík ; Ved. práce Alexander Moravčík 
264 1 |a Bratislava  |c 1988 
300 |a 50 s. 
100 1 |a Ondovčík, Ľudovít 
700 1 |a Moravčík, Alexander 
710 2 |a Vysoká škola ekonomická v Bratislave